Vật lý đại cương; T2

সংরক্ষণ করুন:
গ্রন্থ-পঞ্জীর বিবরন
প্রধান লেখক: Ngô Phú An
বিন্যাস: গ্রন্থ
ভাষা:Undetermined
প্রকাশিত: Hà Nội ĐH và THCN 1985
বিষয়গুলি:
ট্যাগগুলো: ট্যাগ যুক্ত করুন
কোনো ট্যাগ নেই, প্রথমজন হিসাবে ট্যাগ করুন!
Thư viện lưu trữ: Trung tâm Học liệu Trường Đại học Cần Thơ
LEADER 00472nam a2200169Ia 4500
001 CTU_2428
008 210402s9999 xx 000 0 und d
082 |a 530 
082 |b V124/T2/1985 
100 |a Ngô Phú An 
245 0 |a Vật lý đại cương; T2 
245 0 |c Ngô Phú An, Đỗ Khắc Chung 
260 |a Hà Nội 
260 |b ĐH và THCN 
260 |c 1985 
650 |a physics 
980 |a Trung tâm Học liệu Trường Đại học Cần Thơ